[Event "Moscow_Open_19_TurnirA"]
[Site "?"]
[Date "2019.01.30"]
[Round "5.7"]
[White "Savitskiy, Sergey"]
[Black "Lysyj, Igor"]
[Result "1/2-1/2"]
[BlackElo "2633"]
[WhiteElo "2411"]
[LiveChessVersion "1.4.8"]

1. e4 {[%clk 1:30:58]} e6 {[%clk 1:30:56]} 2. d4 {[%clk 1:31:20]} d5
{[%clk 1:31:21]} 3. Nc3 {[%clk 1:30:23]} dxe4 {[%clk 1:31:28]} 4. Nxe4
{[%clk 1:30:49]} Nd7 {[%clk 1:31:54]} 5. Nf3 {[%clk 1:30:49]} Ngf6
{[%clk 1:32:15]} 6. Nxf6+ {[%clk 1:31:14]} Nxf6 {[%clk 1:32:41]} 7. Be3
{[%clk 1:31:38]} Bd6 {[%clk 1:30:37]} 8. c4 {[%clk 1:23:49]} Bb4+
{[%clk 1:25:41]} 9. Bd2 {[%clk 1:23:51]} Bxd2+ {[%clk 1:25:47]} 10. Qxd2
{[%clk 1:24:14]} b6 {[%clk 1:24:56]} 11. Be2 {[%clk 1:19:00]} Bb7
{[%clk 1:24:00]} 12. O-O {[%clk 1:19:20]} O-O {[%clk 1:23:15]} 13. Qe3
{[%clk 1:13:06]} Qe7 {[%clk 1:22:17]} 14. Ne5 {[%clk 1:10:42]} c5
{[%clk 1:18:03]} 15. dxc5 {[%clk 1:10:01]} Qxc5 {[%clk 1:18:18]} 16. Qxc5
{[%clk 1:09:51]} bxc5 {[%clk 1:18:44]} 17. Rfd1 {[%clk 1:10:14]} Rfd8
{[%clk 1:16:39]} 18. Rxd8+ {[%clk 1:08:54]} Rxd8 {[%clk 1:17:04]} 19. Rd1
{[%clk 1:09:19]} Rxd1+ {[%clk 1:16:06]} 20. Bxd1 {[%clk 1:09:44]} Kf8
{[%clk 1:15:38]} 21. f3 {[%clk 0:58:23]} Ke7 {[%clk 1:13:45]} 22. Ba4
{[%clk 0:58:09]} Ng8 {[%clk 1:04:22]} 23. a3 {[%clk 0:58:07]} a5 {[%clk 1:00:55]}
24. Kf2 {[%clk 0:55:38]} f6 {[%clk 0:58:34]} 25. Nd3 {[%clk 0:55:13]} Kd6
{[%clk 0:58:59]} 26. b4 {[%clk 0:55:37]} axb4 {[%clk 0:58:42]} 27. axb4
{[%clk 0:56:02]} cxb4 {[%clk 0:59:09]} 28. c5+ {[%clk 0:56:26]} Kc7
{[%clk 0:57:40]} 29. Nxb4 {[%clk 0:56:50]} Ne7 {[%clk 0:58:06]} 30. f4
{[%clk 0:56:26]} Nd5 {[%clk 0:46:32]} 31. Nxd5+ {[%clk 0:56:37]} Bxd5
{[%clk 0:46:43]} 32. g3 {[%clk 0:57:01]} g5 {[%clk 0:44:06]} 33. fxg5
{[%clk 0:56:34]} fxg5 {[%clk 0:44:33]} 34. Ke3 {[%clk 0:56:59]} e5
{[%clk 0:44:59]} 35. Bc2 {[%clk 0:57:06]} Kc6 {[%clk 0:43:41]} 36. Bxh7
{[%clk 0:57:24]} Kxc5 {[%clk 0:44:09]} 37. h4 {[%clk 0:57:25]} gxh4
{[%clk 0:44:36]} 38. gxh4 {[%clk 0:57:51]} Kd6 {[%clk 0:44:47]} 39. h5
{[%clk 0:58:03]} Ke7 {[%clk 0:45:12]} 40. h6 {[%clk 1:28:24]} Kf6
{[%clk 1:15:37]} 41. Be4 {[%clk 1:28:50]} Bxe4 {[%clk 1:16:03]} 42. Kxe4
{[%clk 1:29:17]} Kg6 {[%clk 1:16:30]} 43. Kxe5 {[%clk 1:29:41]} Kxh6
{[%clk 1:16:56]} 44. Ke4 1/2-1/2

[Event "Moscow_Open_19_TurnirA"]
[Site "?"]
[Date "2019.01.30"]
[Round "5.9"]
[White "Babarykin, Stanislav"]
[Black "Savchenko, Boris"]
[Result "0-1"]
[BlackElo "2562"]
[WhiteElo "2411"]
[LiveChessVersion "1.4.8"]

1. d4 {[%clk 1:28:43]} d6 {[%clk 1:28:29]} 2. e4 {[%clk 1:26:53]} Nf6
{[%clk 1:28:46]} 3. Nc3 {[%clk 1:27:21]} e5 {[%clk 1:28:59]} 4. dxe5
{[%clk 1:25:36]} dxe5 {[%clk 1:29:22]} 5. Qxd8+ {[%clk 1:25:54]} Kxd8
{[%clk 1:29:49]} 6. Bg5 {[%clk 1:25:42]} Be6 {[%clk 1:26:00]} 7. O-O-O+
{[%clk 1:25:41]} Kc8 {[%clk 1:16:24]} 8. Nf3 {[%clk 1:11:01]} Nbd7
{[%clk 1:10:28]} 9. Bh4 {[%clk 1:07:11]} h6 {[%clk 0:51:29]} 10. Bxf6
{[%clk 0:53:34]} gxf6 {[%clk 0:51:13]} 11. Nh4 {[%clk 0:53:52]} c6
{[%clk 0:47:37]} 12. Kb1 {[%clk 0:36:23]} Kc7 {[%clk 0:37:33]} 13. Ne2
{[%clk 0:35:13]} Bc5 {[%clk 0:33:49]} 14. f3 {[%clk 0:27:21]} Nf8
{[%clk 0:30:24]} 15. Ng3 {[%clk 0:18:02]} Ng6 {[%clk 0:21:38]} 16. Ngf5
{[%clk 0:18:07]} Rad8 {[%clk 0:18:37]} 17. Rxd8 {[%clk 0:18:15]} Rxd8
{[%clk 0:18:58]} 18. Bd3 {[%clk 0:18:43]} Nf4 {[%clk 0:17:48]} 19. Rd1 Bf8
{[%clk 0:01:53]} 20. Ne3 {[%clk 0:15:00]} Bc5 {[%clk 0:01:23]} 21. Nhf5
{[%clk 0:07:40]} h5 {[%clk 0:01:48]} 22. Bf1 {[%clk 0:07:39]} Bxf5
{[%clk 0:02:03]} 23. Rxd8 {[%clk 0:06:15]} Bxe3 {[%clk 0:02:24]} 24. Rf8
{[%clk 0:02:10]} Bg6 {[%clk 0:02:36]} 25. Bc4 {[%clk 0:01:51]} Bc5
{[%clk 0:01:57]} 26. Rg8 {[%clk 0:01:50]} Nxg2 {[%clk 0:01:11]} 27. Bxf7
{[%clk 0:02:04]} Bxf7 {[%clk 0:01:34]} 28. Rg7 {[%clk 0:02:23]} Be7
{[%clk 0:01:54]} 29. Rxf7 {[%clk 0:02:40]} Kd6 {[%clk 0:02:19]} 0-1

[Event "Moscow_Open_19_TurnirA"]
[Site "?"]
[Date "2019.01.30"]
[Round "5.10"]
[White "Fedorov, Alexei"]
[Black "Kardashevskiy, Evgeny"]
[Result "1-0"]
[BlackElo "2382"]
[WhiteElo "2557"]
[LiveChessVersion "1.4.8"]

1. e4 {[%clk 1:30:56]} e5 {[%clk 1:30:47]} 2. Nf3 {[%clk 1:31:02]} Nf6
{[%clk 1:30:59]} 3. d3 {[%clk 1:28:13]} Nc6 {[%clk 1:30:46]} 4. c4
{[%clk 1:27:23]} g6 {[%clk 1:25:04]} 5. Nc3 {[%clk 1:22:47]} Bg7 {[%clk 1:24:32]}
6. Be2 {[%clk 1:18:02]} d6 {[%clk 1:23:39]} 7. O-O {[%clk 1:17:50]} O-O
{[%clk 1:23:41]} 8. Rb1 {[%clk 1:15:55]} a5 {[%clk 1:22:20]} 9. a3
{[%clk 1:15:33]} Bg4 {[%clk 1:19:35]} 10. Ne1 {[%clk 1:07:15]} Bxe2
{[%clk 1:18:32]} 11. Nxe2 {[%clk 1:07:40]} Qb8 {[%clk 1:11:38]} 12. b4
{[%clk 1:05:49]} axb4 {[%clk 1:11:43]} 13. axb4 {[%clk 1:06:15]} b5
{[%clk 1:10:51]} 14. Qc2 {[%clk 1:03:17]} bxc4 {[%clk 1:06:48]} 15. Qxc4
{[%clk 1:03:11]} Qb7 {[%clk 1:05:44]} 16. b5 {[%clk 0:54:41]} Nd8
{[%clk 1:04:53]} 17. Nc3 {[%clk 0:53:51]} c6 {[%clk 0:59:21]} 18. Bg5
{[%clk 0:50:51]} Rc8 {[%clk 0:51:25]} 19. Nf3 {[%clk 0:44:26]} cxb5
{[%clk 0:49:37]} 20. Qb4 {[%clk 0:43:38]} Rc5 {[%clk 0:44:29]} 21. Be3
{[%clk 0:39:14]} Rc6 {[%clk 0:44:00]} 22. Nxb5 {[%clk 0:37:20]} Ne6
{[%clk 0:43:07]} 23. d4 {[%clk 0:33:12]} exd4 {[%clk 0:42:25]} 24. Nfxd4
{[%clk 0:32:37]} Nxd4 {[%clk 0:42:05]} 25. Bxd4 {[%clk 0:31:13]} Rb8
{[%clk 0:37:45]} 26. f3 {[%clk 0:29:33]} Ne8 {[%clk 0:37:07]} 27. Ba7
{[%clk 0:23:30]} Ra8 {[%clk 0:36:38]} 28. Bf2 {[%clk 0:23:36]} Nc7
{[%clk 0:30:52]} 29. Nd4 {[%clk 0:18:52]} Qxb4 {[%clk 0:31:08]} 30. Rxb4
{[%clk 0:19:19]} Rca6 {[%clk 0:30:09]} 31. Rb7 {[%clk 0:18:07]} Ne6
{[%clk 0:29:15]} 32. Nxe6 {[%clk 0:18:06]} fxe6 {[%clk 0:29:39]} 33. Rfb1
{[%clk 0:16:57]} Ra1 {[%clk 0:29:13]} 34. Rxg7+ {[%clk 0:17:06]} Kf8
{[%clk 0:29:13]} 35. Rgb7 {[%clk 0:17:30]} 1-0

[Event "Moscow_Open_19_TurnirA"]
[Site "?"]
[Date "2019.01.30"]
[Round "5.11"]
[White "Tsydypov, Zhamsaran"]
[Black "Avalyan, Artur"]
[Result "1-0"]
[BlackElo "2347"]
[WhiteElo "2545"]
[LiveChessVersion "1.4.8"]

1. d4 {[%clk 1:30:42]} d5 {[%clk 1:30:19]} 2. Nf3 {[%clk 1:30:28]} Nf6
{[%clk 1:30:40]} 3. c4 {[%clk 1:30:48]} e6 {[%clk 1:31:06]} 4. Nc3
{[%clk 1:31:09]} c5 {[%clk 1:31:28]} 5. cxd5 {[%clk 1:29:44]} Nxd5
{[%clk 1:31:45]} 6. e4 {[%clk 1:29:29]} Nxc3 {[%clk 1:31:21]} 7. bxc3
{[%clk 1:29:53]} cxd4 {[%clk 1:31:46]} 8. cxd4 {[%clk 1:30:15]} Bb4+
{[%clk 1:32:12]} 9. Bd2 {[%clk 1:30:38]} Bxd2+ {[%clk 1:32:35]} 10. Qxd2
{[%clk 1:31:02]} O-O {[%clk 1:32:58]} 11. a4 {[%clk 1:24:20]} b6 {[%clk 1:28:09]}
12. a5 {[%clk 1:22:01]} bxa5 {[%clk 1:23:29]} 13. Qxa5 {[%clk 1:17:18]} Bb7
{[%clk 1:19:22]} 14. Bd3 {[%clk 1:16:52]} Nc6 {[%clk 1:17:47]} 15. Qc5
{[%clk 1:13:20]} a5 {[%clk 1:17:26]} 16. O-O {[%clk 1:11:38]} Nb4
{[%clk 1:15:34]} 17. Bb1 {[%clk 1:11:44]} Ra6 {[%clk 1:04:16]} 18. Re1
{[%clk 1:04:55]} Qa8 {[%clk 0:58:42]} 19. Qh5 {[%clk 1:02:18]} f5
{[%clk 0:51:19]} 20. Ng5 {[%clk 0:57:50]} h6 {[%clk 0:51:06]} 21. exf5
{[%clk 0:58:09]} exf5 {[%clk 0:48:03]} 22. Bxf5 {[%clk 0:56:50]} Raf6
{[%clk 0:33:41]} 23. Be6+ {[%clk 0:55:41]} Kh8 {[%clk 0:33:44]} 24. Nf7+
{[%clk 0:53:00]} Kh7 {[%clk 0:34:07]} 25. Rxa5 {[%clk 0:52:52]} Ba6
{[%clk 0:29:44]} 26. Rf5 {[%clk 0:52:33]} 1-0

[Event "Moscow_Open_19_TurnirA"]
[Site "?"]
[Date "2019.01.30"]
[Round "5.13"]
[White "Iljiushenok, Ilia"]
[Black "Murtazin, Bulat"]
[Result "1-0"]
[BlackElo "2373"]
[WhiteElo "2533"]
[LiveChessVersion "1.4.8"]

1. e4 {[%clk 1:30:37]} c5 {[%clk 1:30:53]} 2. Nc3 {[%clk 1:31:03]} Nc6
{[%clk 1:31:19]} 3. Bb5 {[%clk 1:31:28]} Nd4 {[%clk 1:31:44]} 4. Bc4
{[%clk 1:31:51]} e6 {[%clk 1:31:20]} 5. Nge2 {[%clk 1:32:11]} Nf6
{[%clk 1:31:44]} 6. O-O {[%clk 1:32:33]} b5 {[%clk 1:32:06]} 7. Nxb5
{[%clk 1:16:36]} Nxb5 {[%clk 1:31:04]} 8. Bxb5 {[%clk 1:15:28]} Nxe4
{[%clk 1:31:15]} 9. d4 {[%clk 1:14:47]} Bb7 {[%clk 1:12:52]} 10. Bf4
{[%clk 1:03:24]} Qa5 {[%clk 1:01:18]} 11. c4 {[%clk 0:53:32]} a6 {[%clk 0:43:56]}
12. Ba4 {[%clk 0:48:46]} cxd4 {[%clk 0:44:19]} 13. Nxd4 {[%clk 0:48:47]} Rd8
{[%clk 0:43:33]} 14. a3 {[%clk 0:33:03]} Qb6 {[%clk 0:25:55]} 15. Be3
{[%clk 0:29:42]} Qc7 {[%clk 0:25:51]} 16. Rc1 {[%clk 0:29:06]} Be7
{[%clk 0:25:36]} 17. b4 {[%clk 0:27:56]} O-O {[%clk 0:25:52]} 18. c5
{[%clk 0:23:34]} Qe5 {[%clk 0:15:18]} 19. Qe2 {[%clk 0:19:30]} Bd5
{[%clk 0:09:04]} 20. Rfd1 {[%clk 0:15:48]} a5 21. f3 {[%clk 0:05:43]} Nf6
{[%clk 0:08:51]} 22. Bf2 {[%clk 0:05:48]} Qh5 {[%clk 0:05:51]} 23. Nb5
{[%clk 0:02:01]} axb4 {[%clk 0:05:51]} 24. axb4 {[%clk 0:02:29]} Rb8
{[%clk 0:01:55]} 25. Bg3 {[%clk 0:02:22]} Rb7 {[%clk 0:01:34]} 26. Rb1
{[%clk 0:02:22]} Ra8 {[%clk 0:00:49]} 27. Bc2 {[%clk 0:02:51]} Rc8
{[%clk 0:00:34]} 28. Nd6 {[%clk 0:02:55]} Bxd6 {[%clk 0:00:58]} 29. Bxd6
{[%clk 0:03:23]} Qh4 {[%clk 0:00:45]} 30. Bg3 {[%clk 0:01:59]} Qg5
{[%clk 0:00:39]} 31. Rd4 {[%clk 0:01:04]} Bc6 {[%clk 0:00:43]} 32. Bd3
{[%clk 0:00:54]} h6 {[%clk 0:00:34]} 33. Ba6 {[%clk 0:01:10]} Nd5
{[%clk 0:00:42]} 34. Bxb7 {[%clk 0:01:25]} Bxb7 {[%clk 0:01:12]} 35. Qd2
{[%clk 0:01:30]} Qf6 {[%clk 0:01:24]} 36. Bd6 {[%clk 0:01:47]} Ra8
{[%clk 0:01:09]} 37. b5 {[%clk 0:02:06]} Qg6 {[%clk 0:01:30]} 38. Rc1
{[%clk 0:02:04]} Ra3 {[%clk 0:00:34]} 1-0

[Event "Moscow_Open_19_TurnirA"]
[Site "?"]
[Date "2019.01.30"]
[Round "5.14"]
[White "Dvalishvili, Pavel S."]
[Black "Drygalov, Andrey"]
[Result "0-1"]
[BlackElo "2485"]
[WhiteElo "2396"]
[LiveChessVersion "1.4.8"]

1. e4 {[%clk 1:30:57]} c5 {[%clk 1:30:54]} 2. Nf3 {[%clk 1:31:25]} d6
{[%clk 1:31:20]} 3. Bb5+ {[%clk 1:31:43]} Nd7 {[%clk 1:31:45]} 4. c3
{[%clk 1:31:28]} Ngf6 {[%clk 1:29:40]} 5. Qe2 {[%clk 1:31:53]} a6
{[%clk 1:30:06]} 6. Ba4 {[%clk 1:32:22]} e6 {[%clk 1:30:25]} 7. O-O
{[%clk 1:32:41]} b5 {[%clk 1:30:53]} 8. Bc2 {[%clk 1:33:04]} Bb7 {[%clk 1:31:20]}
9. d4 {[%clk 1:32:51]} Be7 {[%clk 1:31:30]} 10. Re1 {[%clk 1:28:17]} O-O
{[%clk 1:30:56]} 11. Bg5 {[%clk 1:28:22]} e5 {[%clk 1:29:54]} 12. dxe5
{[%clk 1:27:38]} dxe5 {[%clk 1:29:01]} 13. c4 {[%clk 1:24:32]} b4
{[%clk 1:26:57]} 14. Nbd2 {[%clk 1:24:09]} Nh5 {[%clk 1:18:34]} 15. Be3
{[%clk 1:23:46]} Qc7 {[%clk 1:17:44]} 16. g3 {[%clk 1:16:14]} Rfd8
{[%clk 1:11:02]} 17. Nf1 {[%clk 1:13:49]} Nf8 {[%clk 1:04:43]} 18. Bc1
{[%clk 1:11:12]} Nf6 {[%clk 1:00:04]} 19. Ne3 {[%clk 1:06:24]} Nxe4
{[%clk 0:56:26]} 20. Nf5 {[%clk 1:04:07]} Nd6 {[%clk 0:55:02]} 21. Nxe7+
{[%clk 1:01:12]} Qxe7 {[%clk 0:55:01]} 22. Nxe5 {[%clk 0:59:19]} Re8
{[%clk 0:49:52]} 23. Qf1 {[%clk 0:58:09]} Ng6 {[%clk 0:37:30]} 24. Bxg6
{[%clk 0:53:31]} hxg6 {[%clk 0:37:26]} 25. Bf4 {[%clk 0:53:55]} Nf5
{[%clk 0:36:01]} 26. Nd3 {[%clk 0:52:30]} Qf8 {[%clk 0:35:00]} 27. Be3
{[%clk 0:50:39]} Nxe3 {[%clk 0:33:41]} 28. fxe3 {[%clk 0:50:18]} Qd6
{[%clk 0:31:58]} 29. Nf4 {[%clk 0:50:34]} Qe5 {[%clk 0:32:17]} 30. Qf2
{[%clk 0:50:00]} g5 {[%clk 0:31:50]} 0-1

[Event "Moscow_Open_19_TurnirA"]
[Site "?"]
[Date "2019.01.31"]
[Round "6.2"]
[White "Khanin, Semen"]
[Black "Timofeev, Artyom"]
[Result "1-0"]
[BlackElo "2592"]
[WhiteElo "2514"]
[LiveChessVersion "1.4.8"]

1. e4 {[%clk 1:30:57]} c5 {[%clk 1:30:55]} 2. Nf3 {[%clk 1:31:23]} d6
{[%clk 1:31:19]} 3. d4 {[%clk 1:31:49]} cxd4 {[%clk 1:31:45]} 4. Nxd4
{[%clk 1:32:16]} Nf6 {[%clk 1:32:09]} 5. Nc3 {[%clk 1:32:42]} Nc6
{[%clk 1:32:34]} 6. Bg5 {[%clk 1:33:06]} e6 {[%clk 1:32:58]} 7. Qd2
{[%clk 1:33:31]} a6 {[%clk 1:33:23]} 8. O-O-O {[%clk 1:33:45]} Bd7
{[%clk 1:33:47]} 9. f4 {[%clk 1:33:57]} b5 {[%clk 1:33:56]} 10. Bxf6
{[%clk 1:33:41]} gxf6 {[%clk 1:34:20]} 11. Kb1 {[%clk 1:33:26]} Qb6
{[%clk 1:34:31]} 12. Nxc6 {[%clk 1:33:49]} Bxc6 {[%clk 1:34:55]} 13. f5
{[%clk 1:34:12]} b4 {[%clk 1:35:09]} 14. Ne2 {[%clk 1:34:39]} e5 {[%clk 1:35:32]}
15. Ng3 {[%clk 1:34:56]} h5 {[%clk 1:35:49]} 16. h4 {[%clk 1:35:15]} Qc5 17. Bd3
{[%clk 1:32:15]} Bh6 {[%clk 1:35:49]} 18. Qe2 {[%clk 1:32:34]} Ke7
{[%clk 1:36:11]} 19. Nxh5 {[%clk 1:31:12]} Qe3 {[%clk 1:36:22]} 20. Qf1
{[%clk 1:30:41]} Bxe4 {[%clk 1:36:43]} 21. Rg1 {[%clk 1:29:34]} Bxd3
{[%clk 1:08:43]} 22. Rxd3 {[%clk 1:29:50]} Qc5 {[%clk 1:09:06]} 23. Qd1
{[%clk 1:22:32]} Be3 {[%clk 1:00:48]} 24. Re1 {[%clk 1:13:50]} Bf2
{[%clk 0:58:24]} 25. Re4 {[%clk 1:13:57]} Rac8 {[%clk 0:35:22]} 26. Nxf6
{[%clk 1:06:25]} Kxf6 {[%clk 0:17:39]} 27. Rxd6+ {[%clk 1:06:41]} Kg7
{[%clk 0:17:36]} 28. Rg4+ {[%clk 1:06:34]} Kh7 {[%clk 0:17:53]} 29. Rg5
{[%clk 1:06:24]} Qxc2+ {[%clk 0:18:05]} 30. Qxc2 {[%clk 1:06:49]} Rxc2
{[%clk 0:18:31]} 31. Kxc2 {[%clk 1:06:48]} Rc8+ {[%clk 0:18:44]} 32. Kd3
{[%clk 1:06:18]} 1-0

[Event "Moscow_Open_19_TurnirA"]
[Site "?"]
[Date "2019.01.31"]
[Round "6.3"]
[White "Zakhartsov, Vladimir"]
[Black "Pridorozhni, Aleksei"]
[Result "1/2-1/2"]
[BlackElo "2568"]
[WhiteElo "2483"]
[LiveChessVersion "1.4.8"]

1. d4 {[%clk 1:16:37]} d5 {[%clk 1:30:51]} 2. c4 {[%clk 1:17:00]} e6
{[%clk 1:31:16]} 3. Nc3 {[%clk 1:17:19]} dxc4 {[%clk 1:31:38]} 4. e4
{[%clk 1:17:25]} a6 {[%clk 1:32:01]} 5. Bxc4 {[%clk 1:17:46]} c5 {[%clk 1:32:25]}
6. dxc5 {[%clk 1:18:05]} Qxd1+ {[%clk 1:32:49]} 7. Nxd1 {[%clk 1:18:32]} Bxc5
{[%clk 1:33:13]} 8. Be3 {[%clk 1:18:58]} Bxe3 {[%clk 1:33:35]} 9. Nxe3
{[%clk 1:19:23]} Nc6 {[%clk 1:33:59]} 10. Nf3 {[%clk 1:19:45]} Nf6
{[%clk 1:34:18]} 11. Nd2 {[%clk 1:20:06]} b5 {[%clk 1:34:40]} 12. Bb3
{[%clk 1:20:28]} Bb7 {[%clk 1:35:03]} 13. f3 {[%clk 1:20:48]} Ke7
{[%clk 1:35:27]} 14. Kf2 {[%clk 1:21:10]} Rhd8 {[%clk 1:35:50]} 15. Rhd1
{[%clk 1:21:34]} Rac8 {[%clk 1:36:14]} 16. Ndf1 {[%clk 1:21:55]} Rxd1
{[%clk 1:36:38]} 17. Rxd1 {[%clk 1:22:22]} Rd8 {[%clk 1:37:03]} 18. Rxd8
{[%clk 1:22:49]} Nxd8 {[%clk 1:37:28]} 19. Ke2 {[%clk 1:23:12]} Nd7
{[%clk 1:37:51]} 20. Nd2 {[%clk 1:23:36]} Nc6 {[%clk 1:38:10]} 21. Ke1
{[%clk 1:23:52]} Nd4 {[%clk 1:38:32]} 22. Nc2 {[%clk 1:24:15]} Nxc2+
{[%clk 1:38:56]} 23. Bxc2 {[%clk 1:24:42]} Nc5 {[%clk 1:39:17]} 24. Nb3
{[%clk 1:25:07]} Nxb3 {[%clk 1:39:41]} 25. Bxb3 {[%clk 1:25:34]} e5
{[%clk 1:40:06]} 26. Kd2 {[%clk 1:26:00]} a5 {[%clk 1:40:30]} 27. a3
{[%clk 1:26:26]} f6 {[%clk 1:40:55]} 28. Bc2 {[%clk 1:26:51]} Bc6
{[%clk 1:41:17]} 29. b4 {[%clk 1:27:17]} axb4 {[%clk 1:41:43]} 30. axb4
{[%clk 1:27:45]} Bd7 {[%clk 1:42:08]} 31. Bd3 {[%clk 1:28:10]} g5
{[%clk 1:42:33]} 32. g4 {[%clk 1:28:34]} h6 {[%clk 1:42:58]} 33. h3
{[%clk 1:29:01]} Kd6 {[%clk 1:43:25]} 34. Ke3 {[%clk 1:29:26]} Be8
{[%clk 1:43:52]} 35. Kd2 {[%clk 1:29:51]} Bd7 {[%clk 1:44:18]} 36. Ke3
{[%clk 1:30:18]} Bc6 {[%clk 1:44:45]} 37. Kd2 {[%clk 1:30:45]} Be8
{[%clk 1:45:11]} 38. Ke3 {[%clk 1:31:12]} Bd7 {[%clk 1:45:37]} 39. Kd2
{[%clk 1:31:33]} Bc6 {[%clk 1:46:05]} 40. Ke3 {[%clk 2:01:59]} Bd7
{[%clk 2:16:31]} 1/2-1/2

[Event "Moscow_Open_19_TurnirA"]
[Site "?"]
[Date "2019.01.31"]
[Round "6.5"]
[White "Grachev, Boris"]
[Black "Soumya, Swaminathan"]
[Result "1-0"]
[BlackElo "2416"]
[WhiteElo "2626"]
[LiveChessVersion "1.4.8"]

1. Nf3 {[%clk 1:27:43]} Nf6 {[%clk 1:30:54]} 2. c4 {[%clk 1:28:04]} g6
{[%clk 1:31:15]} 3. Nc3 {[%clk 1:27:42]} d5 {[%clk 1:31:17]} 4. cxd5
{[%clk 1:27:59]} Nxd5 {[%clk 1:31:45]} 5. d3 {[%clk 1:28:11]} Bg7
{[%clk 1:30:45]} 6. Bd2 {[%clk 1:28:09]} O-O {[%clk 1:22:58]} 7. g3
{[%clk 1:26:35]} c5 {[%clk 1:21:06]} 8. Bg2 {[%clk 1:25:38]} Nc6 {[%clk 1:19:44]}
9. O-O {[%clk 1:25:18]} b6 {[%clk 0:58:39]} 10. d4 {[%clk 1:21:03]} cxd4
{[%clk 0:56:55]} 11. Nxd4 {[%clk 1:21:02]} Nxd4 {[%clk 0:54:37]} 12. Nxd5
{[%clk 1:20:53]} Ba6 {[%clk 0:54:25]} 13. Re1 {[%clk 1:16:02]} Rc8
{[%clk 0:50:07]} 14. Bc3 {[%clk 1:10:58]} Ne6 {[%clk 0:44:52]} 15. Qa4
{[%clk 0:59:18]} Nc5 {[%clk 0:28:00]} 16. Qa3 {[%clk 0:46:11]} Bb7
{[%clk 0:24:03]} 17. Bxg7 {[%clk 0:43:41]} Kxg7 {[%clk 0:24:30]} 18. Red1
{[%clk 0:41:58]} Bxd5 {[%clk 0:24:45]} 19. Bxd5 {[%clk 0:40:17]} Qc7
{[%clk 0:23:27]} 20. b4 {[%clk 0:38:56]} Nd7 {[%clk 0:22:38]} 21. Rac1
{[%clk 0:37:29]} Qe5 {[%clk 0:22:40]} 22. Bc6 {[%clk 0:33:48]} Nf6
{[%clk 0:19:41]} 23. Qxa7 {[%clk 0:31:47]} Qxe2 {[%clk 0:20:02]} 24. b5
{[%clk 0:27:44]} Rb8 {[%clk 0:17:07]} 25. Re1 {[%clk 0:25:27]} Qb2
{[%clk 0:17:31]} 26. Rb1 {[%clk 0:21:25]} Qc2 {[%clk 0:17:29]} 27. Qxe7
{[%clk 0:18:42]} Qxa2 {[%clk 0:17:50]} 28. Qe5 {[%clk 0:18:48]} Rbd8
{[%clk 0:16:47]} 29. Ra1 {[%clk 0:16:20]} Qd2 {[%clk 0:11:02]} 30. Re2
{[%clk 0:13:25]} Qb4 {[%clk 0:05:42]} 31. Re4 {[%clk 0:08:32]} Qd6
{[%clk 0:04:20]} 32. Ra7 {[%clk 0:07:33]} Kg8 {[%clk 0:02:31]} 33. Qxd6
{[%clk 0:06:23]} Rxd6 {[%clk 0:02:59]} 34. Re2 {[%clk 0:05:03]} Nd5
{[%clk 0:01:44]} 35. Rd2 {[%clk 0:04:47]} Rfd8 {[%clk 0:02:02]} 36. Ra8
{[%clk 0:05:00]} 1-0

[Event "Moscow_Open_19_TurnirA"]
[Site "?"]
[Date "2019.01.31"]
[Round "6.6"]
[White "Savchenko, Boris"]
[Black "Kozionov, Kirill"]
[Result "1-0"]
[BlackElo "2460"]
[WhiteElo "2562"]
[LiveChessVersion "1.4.8"]

1. d4 {[%clk 1:16:19]} Nf6 {[%clk 1:30:09]} 2. c4 {[%clk 1:16:20]} e6
{[%clk 1:28:29]} 3. g3 {[%clk 1:16:35]} c5 {[%clk 1:26:31]} 4. Nf3
{[%clk 1:16:47]} cxd4 {[%clk 1:24:02]} 5. Nxd4 {[%clk 1:17:01]} a6
{[%clk 1:23:13]} 6. Nc3 {[%clk 1:12:33]} Qc7 {[%clk 1:23:13]} 7. Bg2
{[%clk 1:12:27]} Qxc4 {[%clk 1:22:27]} 8. Bf4 {[%clk 1:12:49]} Nc6
{[%clk 1:21:28]} 9. Nb3 {[%clk 1:08:55]} Be7 {[%clk 1:09:55]} 10. Rc1
{[%clk 0:28:20]} Qb4 {[%clk 1:04:39]} 11. Bc7 {[%clk 0:26:30]} d5
{[%clk 0:59:15]} 12. e4 {[%clk 0:26:49]} Nxe4 {[%clk 0:58:09]} 13. Bxe4
{[%clk 0:27:04]} dxe4 {[%clk 0:58:30]} 14. O-O {[%clk 0:27:15]} Qc4
{[%clk 0:49:25]} 15. Re1 {[%clk 0:25:31]} Qd3 {[%clk 0:49:20]} 16. Na4
{[%clk 0:25:12]} Bd8 {[%clk 0:40:27]} 17. Nb6 {[%clk 0:23:00]} Bxc7
{[%clk 0:40:19]} 18. Nxa8 {[%clk 0:23:23]} Bd8 {[%clk 0:40:38]} 19. Nc5
{[%clk 0:20:32]} Qxd1 {[%clk 0:40:11]} 20. Rexd1 {[%clk 0:20:29]} f5
{[%clk 0:35:15]} 21. Nxa6 {[%clk 0:19:38]} Bf6 {[%clk 0:34:40]} 22. Nb6
{[%clk 0:13:25]} O-O {[%clk 0:33:27]} 23. b4 {[%clk 0:12:46]} Nd4
{[%clk 0:32:09]} 24. Rxc8 {[%clk 0:11:42]} Rxc8 {[%clk 0:32:29]} 25. Nxc8
{[%clk 0:12:08]} bxa6 {[%clk 0:32:57]} 26. a4 {[%clk 0:10:38]} 1-0